000 00696nam a2200241Ia 4500
003 OSt
005 20220923212213.0
006 a|||||r|||| 00| 0
007 ta
008 220922b |||||||| |||| 00| 0 hin d
024 _a151,629
037 _cTextual
040 _aARTS
_cARTS
_bhin
041 _2hin
_ahin
082 _aDelta2xM72:1, 152K5
100 _aअरविंद
245 0 _aमृत्यु और उस पर विजय
246 _aMṛutyu aur us par vijaya
260 _c1965
490 _aअदिति पुस्तक माला; 2
942 _hDelta2xM72:1, 152K5
_cTEXL
_2CC
999 _c307302
_d307302